[Event "FRA-ch op-B"]
[Site "Pau"]
[Date "2012.08.16"]
[Round "3"]
[White "Boukhris, Khaled"]
[Black "Roubert, Emile"]
[Result "1-0"]
[WhiteElo "1796"]
[BlackElo "1927"]
[PlyCount "43"]
[EventDate "2012.08.14"]
[EventType "swiss"]
[EventRounds "11"]
[EventCountry "FRA"]
[SourceTitle "EXT 2013"]
[Source "ChessBase"]
[SourceDate "2012.11.22"]
[SourceVersion "1"]
[SourceVersionDate "2012.11.22"]
[SourceQuality "1"]

1. e4 e5 2. Nf3 Nc6 3. Bb5 a6 4. Bxc6 dxc6 5. 0-0 Bg4 6. h3 h5 7. d3 Qf6 8. Nbd2 Ne7 9. Nc4 Ng6 10. hxg4 hxg4 11. Bg5 Qe6 12. Nh2 Rh5 13. Be3 Rxh2 14. Kxh2 0-0-0 15. g3 Be7 16. Rh1 f5 17. exf5 Qxf5 18. Nd2 Bg5 19. Qe2 Nf4 20. Bxf4 exf4 21. Ne4 f3 22. Qf1 1-0

[Event "Pic d'Anie op 3rd"]
[Site "Pic d'Anie"]
[Date "2006.08.11"]
[Round "5"]
[White "Boukhris, Khaled"]
[Black "Crespin, Philippe"]
[Result "1-0"]
[WhiteElo "1790"]
[BlackElo "1499"]
[PlyCount "55"]
[EventDate "2006.08.07"]
[EventType "swiss"]
[EventRounds "7"]
[EventCountry "FRA"]
[SourceTitle "CBM 113 Extra"]
[Source "ChessBase"]
[SourceDate "2006.09.14"]
[SourceVersion "1"]
[SourceVersionDate "2006.09.14"]
[SourceQuality "1"]

1. d4 d5 2. Nf3 Nf6 3. Bf4 Nc6 4. c3 e6 5. h3 Bd6 6. Ne5 0-0 7. Nd2 Bxe5 8. dxe5 Nd7 9. Nf3 Re8 10. e3 Nf8 11. Bd3 Ne7 12. Qc2 Neg6 13. Bh2 c6 14. 0-0-0 b5 15. h4 h6 16. h5 Nh4 17. Nxh4 Qxh4 18. Bf4 Qe7 19. g4 Bd7 20. Rdg1 f6 21. exf6 gxf6 22. Bxh6 Rab8 23. g5 f5 24. g6 Qf6 25. Bg5 Qg7 26. h6 Qxg6 27. Bf4 Qxg1+ 28. Rxg1+ 1-0

[Event "Pic d'Anie op 3rd"]
[Site "Pic d'Anie"]
[Date "2006.08.09"]
[Round "3"]
[White "Boukhris, Khaled"]
[Black "Roques, Pascal"]
[Result "0-1"]
[WhiteElo "1790"]
[BlackElo "2020"]
[PlyCount "62"]
[EventDate "2006.08.07"]
[EventType "swiss"]
[EventRounds "7"]
[EventCountry "FRA"]
[SourceTitle "CBM 113 Extra"]
[Source "ChessBase"]
[SourceDate "2006.09.14"]
[SourceVersion "1"]
[SourceVersionDate "2006.09.14"]
[SourceQuality "1"]

1. e4 Nc6 2. Nf3 d6 3. Nc3 Nf6 4. d3 g6 5. h3 Bg7 6. Be3 a6 7. Qd2 h5 8. a3 e5 9. Bg5 Be6 10. Rg1 Qd7 11. Bxf6 Bxf6 12. Ng5 Nd4 13. Nxe6 Nxe6 14. Nd5 Bg7 15. Be2 0-0-0 16. b4 Kb8 17. a4 c6 18. Nb6 Qc7 19. a5 Nd4 20. Rb1 Bh6 21. Qc3 Rhe8 22. Qc4 f5 23. exf5 d5 24. Qc3 Nxe2 25. Kxe2 gxf5 26. Na4 e4 27. d4 f4 28. g4 f3+ 29. Kd1 Qh2 30. Qe1 e3 31. Qf1 e2+ 0-1

[Event "Pic d'Anie op 2nd"]
[Site "Arette"]
[Date "2005.08.08"]
[Round "1.2"]
[White "Housieaux, David"]
[Black "Boukhris, Khaled"]
[Result "1-0"]
[WhiteElo "2329"]
[BlackElo "1699"]
[PlyCount "54"]
[EventDate "2005.08.08"]
[EventType "swiss"]
[EventRounds "7"]
[EventCountry "FRA"]
[SourceTitle "EXT 2007"]
[Source "ChessBase"]
[SourceDate "2006.11.23"]
[SourceVersion "1"]
[SourceVersionDate "2006.11.23"]
[SourceQuality "1"]

1. d4 Nf6 2. c4 e6 3. g3 d5 4. Bg2 Be7 5. Nf3 Nbd7 6. 0-0 0-0 7. Qc2 c6 8. Nbd2 b6 9. e4 Bb7 10. e5 Ne8 11. Re1 c5 12. dxc5 Nxc5 13. b4 Nd7 14. Qb3 a5 15. bxa5 Nc5 16. Qxb6 Rxa5 17. Qxd8 Bxd8 18. Bf1 Bb6 19. Rb1 Ba7 20. a3 Bc6 21. Nd4 Ba4 22. Bb2 Nc7 23. Bc3 Ra6 24. Bb4 Rb8 25. cxd5 exd5 26. Bxc5 Rxb1 27. Rxb1 Bxc5 1-0